000 00562nam a2200217Ia 4500
005 20250326144005.0
008 250326s9999 xx 000 0 und d
020 _a978-0-19-568571-8
037 _aTextbook
040 _aFMSL
_beng
_cFMSL
041 _aeng
_2eng
084 _aX:71 N5
_qFMSL
100 _aMas-colell A
_9322114
245 0 _aMicroeconomic theory
_cMas-colell A And Others
260 _aNY
_bNY, Oxford
_c1995
300 _a981p
365 _b495
650 _aEconomics
942 _cTB
_hX:71 N5
999 _c1301917
_d1301917